LEADER 03135nam 2200709 a 450 001 9910782089403321 005 20230617042042.0 010 $a0-19-987173-6 010 $a1-4294-0026-9 010 $a1-280-53391-9 010 $a0-19-803703-1 035 $a(CKB)1000000000521417 035 $a(EBL)281229 035 $a(OCoLC)476025950 035 $a(SSID)ssj0000112741 035 $a(PQKBManifestationID)11129203 035 $a(PQKBTitleCode)TC0000112741 035 $a(PQKBWorkID)10098454 035 $a(PQKB)10789597 035 $a(StDuBDS)EDZ0000072584 035 $a(MiAaPQ)EBC281229 035 $a(Au-PeEL)EBL281229 035 $a(CaPaEBR)ebr10142435 035 $a(CaONFJC)MIL53391 035 $a(MiAaPQ)EBC7036272 035 $a(Au-PeEL)EBL7036272 035 $a(EXLCZ)991000000000521417 100 $a20021023d2004 uy 0 101 0 $aeng 135 $aur|n|---||||| 181 $ctxt 182 $cc 183 $acr 200 10$aBlack and white Manhattan $ethe history of racial formation in colonial New York City /$fThelma Wills Foote 210 $aNew York $cOxford University Press$d2004 215 $a1 online resource (345 p.) 300 $aDescription based upon print version of record. 311 $a0-19-516537-3 311 $a0-19-508809-3 320 $aIncludes bibliographical references (p. 293-320) and index. 327 $aContents; Introduction. "The Angel Would Like to Stay, Awaken the Dead, and Make Whole What Has Been Smashed": Awaking to History on Manhattan Island; Part I. From Frontier Outpost to Settler Colony: The Project of Colony Building on Manhattan Island; Part II. Racial Formation and the Art of Colonial Governance; Part III. Subaltern Insurgency and the Breakdown of Colonial Governance; Epilogue. "What to the Slave Is the Fourth of July?" The Aporia of American Democracy and the Permanence of Racism; Appendix A: Elias Neau's Short Question-and-Answer Catechism; Notes; Bibliography; Index 330 $aPresenting a study of Dutch and English New York, this book demonstrates that racial domination was a key foundation of society and culture in the seaport community and examines the interrelationship of racial tensions and breakdowns in colonial governance. 606 $aSlavery$zNew York (State)$zNew York$xHistory 606 $aAfrican Americans$zNew York (State)$zNew York$xHistory 606 $aRacism$zNew York (State)$zNew York$xHistory 607 $aNew York (N.Y.)$xRace relations 607 $aManhattan (New York, N.Y.)$xRace relations 607 $aNew York (N.Y.)$xHistory$yColonial period, ca. 1600-1775 607 $aNew York (N.Y.)$xHistory$yRevolution, 1775-1783 607 $aManhattan (New York, N.Y.)$xHistory 615 0$aSlavery$xHistory. 615 0$aAfrican Americans$xHistory. 615 0$aRacism$xHistory. 676 $a305.8/009747/1 700 $aFoote$b Thelma Wills$f1956-$01469229 801 0$bMiAaPQ 801 1$bMiAaPQ 801 2$bMiAaPQ 906 $aBOOK 912 $a9910782089403321 996 $aBlack and white Manhattan$93680647 997 $aUNINA LEADER 01338oam 2200445zu 450 001 9910133923503321 005 20241212220316.0 010 $a9781467311465 010 $a1467311464 010 $a9781467311458 010 $a1467311456 035 $a(CKB)3360000000370825 035 $a(SSID)ssj0000703824 035 $a(PQKBManifestationID)12262323 035 $a(PQKBTitleCode)TC0000703824 035 $a(PQKBWorkID)10691774 035 $a(PQKB)10353281 035 $a(NjHacI)993360000000370825 035 $a(EXLCZ)993360000000370825 100 $a20160829d2012 uy 101 0 $aeng 135 $aur||||||||||| 181 $ctxt 182 $cc 183 $acr 200 10$a2012 IEEE International Symposium on Performance Analysis of Systems and Software 210 31$a[Place of publication not identified]$cIEEE$d2012 215 $a1 online resource 300 $aBibliographic Level Mode of Issuance: Monograph 311 08$a9781467311434 311 08$a146731143X 606 $aComputer software$xEvaluation 615 0$aComputer software$xEvaluation. 676 $a005.30287 702 $aIEEE Staff 801 0$bPQKB 906 $aPROCEEDING 912 $a9910133923503321 996 $a2012 IEEE International Symposium on Performance Analysis of Systems and Software$92348757 997 $aUNINA